000 00574nam a2200193Ia 4500
005 20260114185815.0
008 008 260114s9999 xx 000 0 eng d
020 _a9781350007130
037 _aEBOOK
040 _aCRL
_beng
_cCRL
041 _aeng
_2eng
084 _qCRL
100 _aAmanda Ravetz, Alice Kettle and Helen Felcey
_9874648
245 0 _aCollaboration Through Craft
260 _bBloomsbury
_c2016
856 _uhttps://doi.org/10.5040/9781350007130?locatt=label:secondary_bloomsburyCollections
942 _cEBOOK
999 _c1473582
_d1473582